| 000 | 00932nam a22002777a 4500 | ||
|---|---|---|---|
| 001 | 7121 | ||
| 003 | FISKH | ||
| 005 | 20250624114232.0 | ||
| 008 | 250624b cb ||||| |||| 00| 0 eng d | ||
| 020 | _a9781572550186 | ||
| 040 |
_aFISKH _beng _cFISKH _dFISKH |
||
| 050 | _aQL49 .L89 | ||
| 082 | _a591 | ||
| 100 | _aLovell, Scarlett | ||
| 245 |
_aIs this a monster ? / _cby Scarlett Lovell and Diane Snowball |
||
| 260 |
_aNew York : _bMondo Publication , _c1995. |
||
| 300 |
_a24 pages : _bcolor illustrations ; _c25 cm . |
||
| 505 | _aC | ||
| 520 | _aIntroduces "monsters" by first showing a monster-like part of an animal, then revealing the entire animal. Includes information and interesting facts about the animals. | ||
| 521 | 8 |
_a150
_bLexile |
|
| 521 | 8 |
_aC
_bRaz-Plus |
|
| 650 |
_aAnimals _vJuvenile Literature |
||
| 700 |
_aGreenstein, Mina _eDesigner |
||
| 942 |
_2ddc _cBK _n0 |
||
| 999 |
_c7121 _d7121 |
||